00719nam a2200205 a 450000100100000000500170001000800410002702000150006804000250008308200080010810000250011624500840014126000470022530000210027249000250029370000370031883000320035595201090038799900170049600003976820201002033726.0130718s2007 mx 000 0 spa d a968121286X aDO-SdBNPbspacBNPHU axxx1 aFrenk, Margit96596210aDel siglo de oro español /cMargit Frenk ; presentación Aurelio González. aMéxico :bEl Colegio de México,c2007. a158 p. ;c22 cm.1 aTrabajos reunidosv51 aGonzález, Aurelio,epr.965963 0aTrabajos reunidosv5965964 0010507-18MOaGRbGRcOId2013-07-18iLF1l0oxxx p39768-10r2020-06-25w2020-06-25y1ZNo se presta c39258d39258